| 000 | 00979cam a2200277 4500 | ||
|---|---|---|---|
| 008 | 090401t2001 xxu||||| |||| 00| 0 eng d | ||
| 020 | _a0632049995 | ||
| 035 | _a(Sirsi) u99490 | ||
| 041 | _aeng | ||
| 050 | _a658.99 | ||
| 100 | _aLangford, David | ||
| 245 | _aStrategic management in construction. | ||
| 250 | _a2nd ed. | ||
| 260 |
_aOxford _bBlackwell Science _c2001 |
||
| 300 | _a250p. ; 24cm. | ||
| 350 | _a29.50 | ||
| 520 | _aReviews general theory of strategy and relates it to the construction industry, including practical applications. This second edition reflects major developments that have followed Latham and Egan reports, and includes new chapters on international strategy and marketing | ||
| 650 | _aBUILDING INDUSTRY | ||
| 650 | _aBUILT ENVIRONMENT | ||
| 650 | _aINTERNATIONAL STRATEGY | ||
| 650 | _aSTRATEGIC MANAGEMENT | ||
| 690 | _aBUILDING AND CONSTRUCTION-MANAGEMENT | ||
| 700 | _aMale, Steven | ||
| 942 | _n0 | ||
| 948 | _c23/07/1998 | ||
| 999 |
_c99358 _d99358 |
||